Pokémon - Bonne orthographe (Génération 5) - Statistiques

Statistiques générales
  • Ce quiz a été pris 17 fois
  • Le résultat moyen est 20 sur 25
Statistiques - réponses
Question Réponse % Correct
Quelle est l'orthographe correcte ? Chlorobule
100%
Quelle est l'orthographe correcte ? Couaneton
100%
Quelle est l'orthographe correcte ? Escargaume
100%
Quelle est l'orthographe correcte ? Lewsor
100%
Quelle est l'orthographe correcte ? Shaofouine
100%
Quelle est l'orthographe correcte ? Baggiguane
94%
Quelle est l'orthographe correcte ? Colombeau
94%
Quelle est l'orthographe correcte ? Genesect
94%
Quelle est l'orthographe correcte ? Pashmilla
94%
Quelle est l'orthographe correcte ? Flamajou
88%
Quelle est l'orthographe correcte ? Statitik
88%
Quelle est l'orthographe correcte ? Tutafeh
88%
Quelle est l'orthographe correcte ? Judokrak
82%
Quelle est l'orthographe correcte ? Miamiasme
82%
Quelle est l'orthographe correcte ? Viskuse
82%
Quelle est l'orthographe correcte ? Batracné
76%
Quelle est l'orthographe correcte ? Drakkarmin
76%
Quelle est l'orthographe correcte ? Géolithe
76%
Quelle est l'orthographe correcte ? Aéroptéryx
71%
Quelle est l'orthographe correcte ? Meloetta
65%
Quelle est l'orthographe correcte ? Mushana
59%
Quelle est l'orthographe correcte ? Méios
47%
Quelle est l'orthographe correcte ? Ratentif
47%
Quelle est l'orthographe correcte ? Rhinolov
29%
Quelle est l'orthographe correcte ? Feuiloutan
18%
Aucun quiz correspondant
Distribution des résultats
% des personnes avec chaque résultat
Percentile par nombre de réponses
Votre historique - résultats
Vous n’avez pas pris ce quiz